000 nam a22 7a 4500
999 _c128014
_d128014
008 180626b xxu||||| |||| 00| 0 eng d
082 _2BX2265.2.P397
100 _aCathlic church rites
_941758
245 _aPenance: the new rites
_c/by catholic church rites
260 _aLondon:
_bCtS;
_c1995.
300 _a26p.;
_c18cm.
650 _aConfession
_929692
942 _2lcc
_cMONOGRAPH